O mundo Árabe (Registo nº 695)

Detalhes MARC
000 -Etiqueta do registo
Cabeçalho 01014nam a2200325 4500
005 - Identificador da versão
Campo de controlo 20240822153949.0
010 ## - Número internacional normalizado dos livros (ISBN)
Número (ISBN) 9726094208
021 ## - Número do Depósito Legal
Código do país PT
Número 210979/04
035 ## - Other System Control Numbers
System Control Number 0000725
System Control Number 0000720
System Control Number 0000720
System Control Number 0000708
100 ## - Dados gerais de processamento
Dados gerais de processamento 20050523d2004 m y0pory5003 ba
101 1# - Língua de publicação
Língua do texto, banda sonora, etc. Português
Língua do documento no original Francês
102 ## - Pais de publicação ou produção
País de publicação Portugal
105 ## - Campo de dados codificados: livros
Dados codificados dos livros a z 001yy
106 ## - Campo de dados codificados: material textual
Dados codificados do material textual r
200 1# - Titulo e menção de responsabilidade
Título próprio O mundo Árabe
Informação de outro título de Maomé ao Império Otomano
Primeira menção de responsabilidade [ed. lit.] Selecções do Reader's Digest
Outras menções de responsabilidade trad., prol., adapt. e rev. Fernando Branco Correia
205 ## - Menção da edição
Menção da edição 1ª ed
210 ## - Publicação, Distribuição, etc. 
Lugar da edição, distribuição, etc. Lisboa
Nome do editor, distribuidor, etc. S.R.D.
Data da publicação, distribuição, etc. D.L. 2004
215 ## - Descrição física 
Indicação específica da natureza do documento e extensão da espécie 191, [1] p.
Outras indicações físicas il.
Dimensões 29 cm
225 2# - Colecção 
Título próprio da colecção As grandes civilizações
304 ## - Notas relativas a título e menção de responsabilidade 
Texto da nota Tít. orig.: Les grandes civilisations
606 ## - Nome comum usado como assunto
Número de registo de entrada de autoridade 0000921
Palavra de ordem Civilização árabe
Subdivisão cronológica 570-1517
675 ## - Classificação Decimal Universal (CDU)
Notação 94(=411.21)"570/1517"
Edição BN
Língua da edição por
Edição BN
Língua da edição por
702 #1 - Nome de autor-pessoa física (responsabilidade secundária)
Número de registo de entrada de autoridade 0000923
Palavra de ordem Correia
Outra parte do nome não tomada para palavra de ordem Fernando Manuel Rodrigues Branco
Código de função Tradutor
712 02 - Nome de colectividade-autor (responsabilidade secundária)
Número de registo de entrada de autoridade 0000924
Palavra de ordem Selecções do Reader's Digest
Código de função Editor literário / Coordenador
942 ## - Elementos de entrada adicionados (Koha)
Tipo de item no Koha Livro
Exemplares
Situação do levantamento Origin of item (home branch) (coded) Biblioteca de empréstimo Código de barras Circulation type (not for loan) Tipo de documento Nota do exemplar Damaged status
  Biblioteca Escolar Eng. Nuno Mergulhão Biblioteca Escolar Eng. Nuno Mergulhão BENM1183   Livro Sem mensagem